[Event "UKR-ch (Women)"]
[Site "Poltava"]
[Date "2011.10.14"]
[Round "8"]
[White "Cherednichenko, Svetlana"]
[Black "Tkachova, Anastasia"]
[Result "1-0"]
[WhiteElo "2283"]
[BlackElo "1948"]
[PlyCount "35"]
[EventDate "2011.10.07"]
[EventType "swiss"]
[EventRounds "9"]
[EventCountry "UKR"]
[SourceTitle "CBM 144 Extra"]
[Source "ChessBase"]
[SourceDate "2011.10.28"]
[SourceVersion "1"]
[SourceVersionDate "2011.10.28"]
[SourceQuality "1"]

1. d4 Nf6 2. Nf3 e6 3. e3 b6 4. Bd3 Bb7 5. 0-0 c5 6. c4 Be7 7. Nc3 d5 8. Qe2 0-0 9. Rd1 cxd4 10. exd4 dxc4 11. Bxc4 Nd5 12. Ne5 Bf6 13. Ne4 a6 14. Qg4 Kh8 15. Rd3 Nb4 16. Rh3 Bxe5 17. dxe5 Bxe4 18. Qxe4 1-0

[Event "UKR-ch (Women)"]
[Site "Poltava"]
[Date "2011.10.13"]
[Round "7"]
[White "Tkachova, Anastasia"]
[Black "Tantsiura, Marja"]
[Result "1/2-1/2"]
[WhiteElo "1948"]
[BlackElo "2138"]
[PlyCount "137"]
[EventDate "2011.10.07"]
[EventType "swiss"]
[EventRounds "9"]
[EventCountry "UKR"]
[SourceTitle "CBM 144 Extra"]
[Source "ChessBase"]
[SourceDate "2011.10.28"]
[SourceVersion "1"]
[SourceVersionDate "2011.10.28"]
[SourceQuality "1"]

1. e4 c5 2. Nc3 Nc6 3. g3 g6 4. Bg2 Bg7 5. d3 d6 6. f4 e5 7. Nf3 Nge7 8. 0-0 0-0 9. Be3 Nd4 10. Qd2 Bg4 11. Ne1 Qd7 12. Rf2 Rac8 13. Nd1 b6 14. c3 Ndc6 15. Nf3 f5 16. Rf1 d5 17. Nxe5 Bxe5 18. fxe5 Nxe5 19. Bf4 Nf7 20. h3 Bxd1 21. Raxd1 dxe4 22. dxe4 Qxd2 23. Rxd2 Rcd8 24. Rfd1 Rxd2 25. Rxd2 Rd8 26. Rxd8+ Nxd8 27. Bg5 Kf7 28. exf5 gxf5 29. Kf2 Ne6 30. Be3 Kf6 31. Bd2 Ke5 32. Kf3 Ng6 33. Bf1 Kf6 34. Bf4 Ne5+ 35. Ke3 Nc7 36. Bxe5+ Kxe5 37. Bc4 b5 38. Bg8 h6 39. a3 a5 40. c4 b4 41. a4 Ne8 42. Bd5 Nf6 43. Bf3 Nh7 44. b3 Ng5 45. Bg2 Ne6 46. Bf3 Ng7 47. Be2 Ne8 48. Bd1 Nf6 49. Bf3 Nd7 50. Bh1 Nf8 51. Bg2 Nd7 52. Bh1 Nf8 53. Bg2 Ne6 54. Bf3 Nd4 55. Bd1 Kf6 56. Kf2 Ne6 57. Bf3 Nd4 58. Bd1 Ke6 59. Ke3 Ke5 60. h4 Ke6 61. Kd3 Kf6 62. Kd2 Ke6 63. Kd3 Ke5 64. Ke3 Ne6 65. Bf3 Ng7 66. Be2 Ne6 67. Bf3 Nd4 68. Bd1 Ne6 69. Bf3 1/2-1/2

[Event "UKR-ch (Women)"]
[Site "Poltava"]
[Date "2011.10.12"]
[Round "6"]
[White "Kurilo, Anna"]
[Black "Tkachova, Anastasia"]
[Result "0-1"]
[WhiteElo "1655"]
[BlackElo "1948"]
[PlyCount "114"]
[EventDate "2011.10.07"]
[EventType "swiss"]
[EventRounds "9"]
[EventCountry "UKR"]
[SourceTitle "CBM 144 Extra"]
[Source "ChessBase"]
[SourceDate "2011.10.28"]
[SourceVersion "1"]
[SourceVersionDate "2011.10.28"]
[SourceQuality "1"]

1. Nf3 d5 2. b3 Nf6 3. Bb2 c6 4. e3 Bf5 5. c4 e6 6. Be2 h6 7. Na3 Bd6 8. Nc2 0-0 9. 0-0 Nbd7 10. d3 Bb8 11. h3 Qc7 12. cxd5 exd5 13. Re1 Re8 14. Bf1 Nh7 15. Re2 Ng5 16. Nce1 f6 17. Rc2 a5 18. a4 Ne5 19. Bxe5 Nxf3+ 20. Nxf3 fxe5 21. Ne1 Re6 22. Kh2 Rg6 23. g3 e4 24. Rac1 Qd6 25. Rd2 Bc7 26. Qc2 Rf8 27. Qc5 Qe5 28. d4 Qf6 29. Ng2 Bxh3 30. Nf4 Bxf4 31. Bxh3 Bc7 32. Qc3 Qf3 33. Rg1 Qf6 34. Rg2 Qd6 35. Kh1 Rgf6 36. Qc2 g6 37. Kg1 Qb4 38. Qd1 Kg7 39. Qc2 Bd6 40. Kh1 Qa3 41. Rg1 Qb4 42. Kg2 R6f7 43. Rc1 Rc7 44. Qa2 Qb6 45. Qb2 Bb4 46. Rdc2 Rcf7 47. Re2 Qd8 48. Kh2 Qf6 49. Rcc2 h5 50. Qc1 h4 51. Qg1 Bd6 52. Rb2 Rh8 53. Qg2 hxg3+ 54. fxg3 Qe6 55. Rf2 Rf3 56. Rxf3 exf3 57. Qf1 Qg4 0-1

[Event "UKR-ch (Women)"]
[Site "Poltava"]
[Date "2011.10.11"]
[Round "5"]
[White "Tkachova, Anastasia"]
[Black "Bogdan, Darya"]
[Result "1/2-1/2"]
[WhiteElo "1948"]
[BlackElo "1920"]
[PlyCount "103"]
[EventDate "2011.10.07"]
[EventType "swiss"]
[EventRounds "9"]
[EventCountry "UKR"]
[SourceTitle "CBM 144 Extra"]
[Source "ChessBase"]
[SourceDate "2011.10.28"]
[SourceVersion "1"]
[SourceVersionDate "2011.10.28"]
[SourceQuality "1"]

1. e4 e6 2. d4 d5 3. Nd2 Nf6 4. e5 Nfd7 5. Bd3 c5 6. c3 Nc6 7. Ne2 cxd4 8. cxd4 f6 9. exf6 Nxf6 10. 0-0 Bd6 11. Nf3 Qc7 12. Bg5 0-0 13. Bh4 Nh5 14. Bc2 g6 15. a3 Bd7 16. Re1 Rac8 17. Rc1 Qb6 18. Rb1 Na5 19. Ba4 Bxa4 20. Qxa4 Nc4 21. Qd7 Rce8 22. Nc3 Qc7 23. Qxc7 Bxc7 24. Nb5 Bb8 25. b3 Nd6 26. Nxd6 Bxd6 27. a4 h6 28. Bg3 Nxg3 29. hxg3 Kf7 30. Ne5+ Bxe5 31. Rxe5 Rc8 32. Rbe1 Rfe8 33. R5e3 Rc2 34. Rd1 Rec8 35. Kf1 R8c3 36. Rdd3 Rxd3 37. Rxd3 Kf6 38. Rf3+ Ke7 39. Ke1 h5 40. Rd3 Kd6 41. Re3 a6 42. Re2 Rxe2+ 43. Kxe2 e5 44. Kd3 exd4 45. Kxd4 b6 46. b4 Ke6 47. f4 Kd6 48. b5 a5 49. g4 hxg4 50. g3 Ke6 51. Kd3 Kd7 52. Ke3 1/2-1/2

[Event "UKR-ch (Women)"]
[Site "Poltava"]
[Date "2011.10.09"]
[Round "3"]
[White "Tkachova, Anastasia"]
[Black "Agudova, Olga"]
[Result "1-0"]
[WhiteElo "1948"]
[BlackElo "1980"]
[PlyCount "55"]
[EventDate "2011.10.07"]
[EventType "swiss"]
[EventRounds "9"]
[EventCountry "UKR"]
[SourceTitle "CBM 144 Extra"]
[Source "ChessBase"]
[SourceDate "2011.10.28"]
[SourceVersion "1"]
[SourceVersionDate "2011.10.28"]
[SourceQuality "1"]

1. e4 e6 2. d4 b6 3. Nf3 Bb7 4. Bd3 Nf6 5. e5 Ne4 6. 0-0 c5 7. Qe2 d5 8. c3 h6 9. Ne1 Ng5 10. Qg4 Ba6 11. Be3 Bxd3 12. Nxd3 cxd4 13. cxd4 Nc6 14. f4 Ne4 15. f5 Qd7 16. fxe6 Qxe6 17. Qf3 g5 18. Nf2 f5 19. Qh5+ Kd7 20. Nxe4 dxe4 21. d5 Qxe5 22. dxc6+ Kxc6 23. Nd2 Qe6 24. Nb3 Bg7 25. Bd4 Bf6 26. Qg6 Raf8 27. Rxf5 Rhg8 28. Qxf6 1-0

[Event "EU-ch U16 Girls"]
[Site "Albena"]
[Date "2011.09.19"]
[Round "8"]
[White "Iwanow, Anna"]
[Black "Tkachova, Anastasia"]
[Result "1/2-1/2"]
[WhiteElo "2191"]
[BlackElo "1948"]
[PlyCount "102"]
[EventDate "2011.09.11"]
[EventType "swiss"]
[EventRounds "9"]
[EventCountry "BUL"]
[SourceTitle "CBM 144 Extra"]
[Source "ChessBase"]
[SourceDate "2011.10.28"]
[SourceVersion "1"]
[SourceVersionDate "2011.10.28"]
[SourceQuality "1"]

1. e4 c5 2. Nf3 d6 3. d4 cxd4 4. Nxd4 Nf6 5. Nc3 g6 6. Bc4 Bg7 7. 0-0 0-0 8. Re1 Nfd7 9. Bg5 Nc6 10. Nf3 Nde5 11. Nxe5 Nxe5 12. Nd5 f6 13. Nc7+ Nxc4 14. Qd5+ Kh8 15. Qxc4 Rb8 16. Be3 b6 17. Ne6 Bxe6 18. Qxe6 f5 19. exf5 Rxf5 20. c3 Rb7 21. Rad1 Qg8 22. Bc1 Qxe6 23. Rxe6 Be5 24. g4 Rf7 25. Bh6 Bf4 26. Bxf4 Rxf4 27. h3 Kg7 28. Rde1 Kf7 29. Kg2 Rf6 30. R6e4 e5 31. Kg3 g5 32. f3 Ke6 33. R4e3 Rbf7 34. Rh1 h6 35. h4 gxh4+ 36. Rxh4 Rg7 37. Rh3 Rg5 38. Re1 d5 39. Rh2 Kd6 40. Reh1 Rgg6 41. Rh5 Re6 42. R5h2 Kc5 43. Rd1 b5 44. Rhd2 Rd6 45. Re2 Rg5 46. Rde1 Re6 47. Kh4 Rf6 48. Kg3 Kd6 49. Rd2 Kc5 50. Rde2 Kd6 51. Rd2 Kc5 1/2-1/2

[Event "EU-ch U16 Girls"]
[Site "Albena"]
[Date "2011.09.17"]
[Round "6"]
[White "Tkachova, Anastasia"]
[Black "Baraeva, Irina"]
[Result "1-0"]
[WhiteElo "1948"]
[BlackElo "2187"]
[PlyCount "79"]
[EventDate "2011.09.11"]
[EventType "swiss"]
[EventRounds "9"]
[EventCountry "BUL"]
[SourceTitle "CBM 144 Extra"]
[Source "ChessBase"]
[SourceDate "2011.10.28"]
[SourceVersion "1"]
[SourceVersionDate "2011.10.28"]
[SourceQuality "1"]

1. e4 c5 2. Nf3 g6 3. d4 cxd4 4. Qxd4 Nf6 5. Nc3 Nc6 6. Qa4 Bg7 7. e5 Ng8 8. Bf4 Nh6 9. h3 0-0 10. Bd3 b6 11. 0-0-0 Bb7 12. Qe4 Kh8 13. Qe3 Ng8 14. h4 h6 15. Ng5 e6 16. h5 Nce7 17. hxg6 fxg6 18. Nf3 Bxf3 19. Qxf3 Qe8 20. Qe3 Rc8 21. Bxh6 Nxh6 22. Rxh6+ Kg8 23. Rh3 Rc5 24. f4 Rxc3 25. bxc3 Nd5 26. Qd2 Nxf4 27. Rf3 Bxe5 28. Bb5 Nd5 29. Rdf1 Rxf3 30. Rxf3 Qe7 31. c4 Qc5 32. cxd5 Qxb5 33. dxe6 Qb2+ 34. Kd1 Qb1+ 35. Ke2 Qb5+ 36. Kd1 dxe6 37. Qd8+ Kh7 38. Qe7+ Bg7 39. Rh3+ Kg8 40. Qxe6+ 1-0

[Event "EU-ch U16 Girls"]
[Site "Albena"]
[Date "2011.09.15"]
[Round "5"]
[White "Foster, Chantelle"]
[Black "Tkachova, Anastasia"]
[Result "0-1"]
[WhiteElo "1727"]
[BlackElo "1948"]
[PlyCount "88"]
[EventDate "2011.09.11"]
[EventType "swiss"]
[EventRounds "9"]
[EventCountry "BUL"]
[SourceTitle "CBM 144 Extra"]
[Source "ChessBase"]
[SourceDate "2011.10.28"]
[SourceVersion "1"]
[SourceVersionDate "2011.10.28"]
[SourceQuality "1"]

1. e4 c5 2. Nf3 d6 3. d4 cxd4 4. Nxd4 Nf6 5. Nc3 a6 6. Be3 e5 7. Nb3 Be6 8. f3 h5 9. h4 Nbd7 10. Qd2 Be7 11. 0-0-0 Qc7 12. Kb1 Rc8 13. Be2 b5 14. Rdg1 Nb6 15. Nd1 Nc4 16. Bxc4 Bxc4 17. Nf2 d5 18. Bg5 dxe4 19. fxe4 Rd8 20. Qe3 Ng4 21. Nxg4 hxg4 22. Bxe7 Qxe7 23. Na5 Rh6 24. Qg5 Qxg5 25. hxg5 Rxh1 26. Rxh1 Rd2 27. Nc6 Rxg2 28. b3 Be6 29. Nxe5 Re2 30. Nd3 Rxe4 31. Rh4 Re3 32. Nc5 Rh3 33. Rxh3 gxh3 34. Ne4 h2 35. Ng3 Bd5 36. Kb2 h1Q 37. Nxh1 Bxh1 38. c4 bxc4 39. bxc4 Kd7 40. Kc3 Kd6 41. Kb4 Kc6 42. a4 f6 43. gxf6 gxf6 44. a5 f5 0-1

[Event "EU-ch U16 Girls"]
[Site "Albena"]
[Date "2011.09.14"]
[Round "4"]
[White "Tkachova, Anastasia"]
[Black "Nikolovska, Dragana"]
[Result "1-0"]
[WhiteElo "1948"]
[BlackElo "1788"]
[PlyCount "77"]
[EventDate "2011.09.11"]
[EventType "swiss"]
[EventRounds "9"]
[EventCountry "BUL"]
[SourceTitle "CBM 144 Extra"]
[Source "ChessBase"]
[SourceDate "2011.10.28"]
[SourceVersion "1"]
[SourceVersionDate "2011.10.28"]
[SourceQuality "1"]

1. e4 c5 2. Nf3 d6 3. Bb5+ Bd7 4. Bxd7+ Qxd7 5. c4 Nc6 6. Nc3 g6 7. d4 cxd4 8. Nxd4 Bg7 9. Nde2 Nf6 10. f3 0-0 11. Be3 Rfc8 12. 0-0 Ne5 13. b3 b6 14. Qd2 Rab8 15. h3 Qb7 16. Rad1 a6 17. a4 Ned7 18. Nf4 Nc5 19. Rb1 Rd8 20. Rfd1 Qc6 21. Qf2 e6 22. Nd3 Ng4 23. hxg4 Bxc3 24. Qh4 d5 25. Bf4 Rbc8 26. Ne5 Qe8 27. Rbc1 Bb2 28. Rb1 Bc3 29. Rbc1 Bb2 30. Rc2 Ba3 31. exd5 exd5 32. cxd5 Nxb3 33. Rxc8 Rxc8 34. d6 Bc5+ 35. Kh1 Bxd6 36. Rxd6 Qxa4 37. Qf6 Qa1+ 38. Kh2 Rf8 39. Bh6 1-0

[Event "GER-UKR (Women) rap"]
[Site "Dresden"]
[Date "2011.08.11"]
[Round "1"]
[White "Osmanodja, Filiz"]
[Black "Tkachova, Anastasia"]
[Result "1/2-1/2"]
[WhiteElo "2011"]
[BlackElo "1993"]
[PlyCount "205"]
[EventDate "2011.08.11"]
[EventType "team-match (rapid)"]
[EventRounds "4"]
[EventCountry "GER"]
[SourceTitle "CBM 143 Extra"]
[Source "ChessBase"]
[SourceDate "2011.08.29"]
[SourceVersion "1"]
[SourceVersionDate "2011.08.29"]
[SourceQuality "1"]
[WhiteTeam "Germany (W)"]
[BlackTeam "Ukraine (W)"]
[WhiteTeamCountry "GER"]
[BlackTeamCountry "UKR"]

1. e4 c5 2. Nf3 Nc6 3. d4 cxd4 4. Nxd4 g6 5. Nc3 Bg7 6. Be3 Nf6 7. Bc4 0-0 8. Bb3 a5 9. 0-0 d6 10. f3 Nxd4 11. Bxd4 Bd7 12. a3 Bc6 13. Kh1 Nd7 14. Bxg7 Kxg7 15. Nd5 Bxd5 16. exd5 Qb6 17. Rb1 Nf6 18. Re1 a4 19. Ba2 Rfe8 20. Qd2 Rac8 21. c3 Rc5 22. Rbd1 Qb5 23. Re3 Qa5 24. Rd3 Qb6 25. Rd4 Qa5 26. Qf4 b5 27. Re1 Qa8 28. Qd2 Qb7 29. f4 Qd7 30. Qd3 Ng4 31. Qf3 Nf6 32. h3 h5 33. Bb1 Qb7 34. Red1 Qd7 35. Qg3 Rg8 36. f5 Qe8 37. fxg6 fxg6 38. Ba2 Kh7 39. Re1 Qf7 40. Qg5 Re8 41. Rd3 Rc7 42. Rf3 Qg7 43. Bb1 Rg8 44. g4 hxg4 45. hxg4 Qh6+ 46. Qxh6+ Kxh6 47. Rh3+ Kg7 48. Rhe3 Nxd5 49. Re6 Rh8+ 50. Kg1 Kf7 51. Bxg6+ Kg7 52. Bf5 Rf8 53. Bb1 Rf7 54. Ba2 Rc5 55. Bxd5 Rxd5 56. Rxe7 Rxe7 57. Rxe7+ Kf6 58. Re2 Rg5 59. Rg2 Ke5 60. Kh2 d5 61. Kg3 Ke4 62. Rd2 Rg8 63. Rd4+ Ke5 64. Rb4 Rb8 65. Kh4 Rh8+ 66. Kg5 Rg8+ 67. Kh4 Rh8+ 68. Kg3 Rb8 69. Rf4 Rg8 70. Rf7 Rb8 71. g5 d4 72. cxd4+ Kxd4 73. Kf4 Kc4 74. Rd7 Kb3 75. Rd2 b4 76. axb4 Rxb4+ 77. Kf5 Rb5+ 78. Kf6 Rb6+ 79. Kg7 Rb7+ 80. Kh6 Ka2 81. g6 Rxb2 82. g7 Rxd2 83. g8Q+ Kb2 84. Qg7+ Kb1 85. Qg6+ Rc2 86. Qd3 Kb2 87. Qb5+ Ka3 88. Kg5 Rb2 89. Qc5+ Ka2 90. Qc4+ Ka3 91. Kf5 Rb4 92. Qc1+ Ka2 93. Qd2+ Rb2 94. Qd5+ Rb3 95. Ke4 a3 96. Qc4 Kb2 97. Qe2+ Ka1 98. Qd1+ Rb1 99. Qc2 Rb2 100. Qc1+ Ka2 101. Kd3 Rb3+ 102. Kc4 Rb4+ 103. Kxb4 1/2-1/2

[Event "GER-UKR (Women)"]
[Site "Dresden"]
[Date "2011.08.08"]
[Round "2"]
[White "Osmanodja, Filiz"]
[Black "Tkachova, Anastasia"]
[Result "1-0"]
[WhiteElo "2011"]
[BlackElo "1993"]
[PlyCount "157"]
[EventDate "2011.08.07"]
[EventType "team-match"]
[EventRounds "4"]
[EventCountry "GER"]
[SourceTitle "CBM 143 Extra"]
[Source "ChessBase"]
[SourceDate "2011.08.29"]
[SourceVersion "1"]
[SourceVersionDate "2011.08.29"]
[SourceQuality "1"]
[WhiteTeam "Germany (W)"]
[BlackTeam "Ukraine (W)"]
[WhiteTeamCountry "GER"]
[BlackTeamCountry "UKR"]

1. e4 c5 2. Nf3 Nc6 3. d4 cxd4 4. Nxd4 g6 5. Nc3 Bg7 6. Be3 Nf6 7. Bc4 0-0 8. Bb3 a5 9. 0-0 d6 10. f3 Nxd4 11. Bxd4 Bd7 12. a3 Bc6 13. Kh1 Nd7 14. Bxg7 Kxg7 15. Nd5 Nc5 16. Ba2 b5 17. Qd4+ Kg8 18. f4 Ne6 19. Qe3 Nc7 20. Rae1 Bxd5 21. exd5 Re8 22. f5 Kg7 23. Rf3 Na6 24. Rh3 Rh8 25. Qh6+ Kg8 26. fxg6 fxg6 27. Re6 Kf7 28. Rf3+ Ke8 29. Qg7 Kd7 30. Rf7 Re8 31. Qxh7 Ra7 32. Qxg6 Kc8 33. Qf5 Kb8 34. Qf1 Rb7 35. h4 Rh8 36. Qe1 Re8 37. h5 Nc5 38. Re3 Rh8 39. g4 Qg8 40. Rf4 Qg5 41. Qf2 Rc7 42. Kh2 Nd7 43. Rc3 Rxc3 44. bxc3 Nf6 45. Kh3 Nxh5 46. Rf8+ Rxf8 47. Qxf8+ Kc7 48. gxh5 Qxh5+ 49. Kg3 Qe5+ 50. Kf2 Qh2+ 51. Ke1 Qxc2 52. Qxe7+ Kc8 53. Qe8+ Kc7 54. Qe7+ Kc8 55. Qe8+ Kc7 56. Qc6+ Kd8 57. Qxd6+ Kc8 58. Qa6+ Kd8 59. Qxa5+ Kc8 60. Qa8+ Kc7 61. Qc6+ Kd8 62. Qf6+ Kc8 63. Qf8+ Kd7 64. Qf7+ Kd8 65. Qf6+ Kd7 66. Qf7+ Kd8 67. d6 Qxc3+ 68. Kf2 Qd4+ 69. Kf3 Qd3+ 70. Kg4 Qd4+ 71. Kg5 Qg1+ 72. Kh6 Qe3+ 73. Kg7 Qg3+ 74. Qg6 Qxa3 75. Qf6+ Kc8 76. Be6+ Kb7 77. Qe7+ Ka6 78. Bc8+ Ka5 79. Qa7+ 1-0

[Event "UKR-ch sf"]
[Site "Alushta"]
[Date "2011.05.10"]
[Round "8"]
[White "Tkachova, Anastasia"]
[Black "Izhnin, A."]
[Result "0-1"]
[WhiteElo "1969"]
[BlackElo "2353"]
[PlyCount "80"]
[EventDate "2011.05.03"]
[EventType "swiss"]
[EventRounds "9"]
[EventCountry "UKR"]
[SourceTitle "CBM 142 Extra"]
[Source "ChessBase"]
[SourceDate "2011.06.27"]
[SourceVersion "1"]
[SourceVersionDate "2011.06.27"]
[SourceQuality "1"]

1. e4 c5 2. Nf3 d6 3. d4 cxd4 4. Nxd4 Nf6 5. Nc3 e6 6. Bg5 h6 7. Bh4 Nc6 8. Nb3 a6 9. Be2 b5 10. a3 Bb7 11. 0-0 Be7 12. Bg3 0-0 13. f4 Rc8 14. Qd2 Na5 15. Nxa5 Qxa5 16. Rad1 Qc7 17. Bf3 Rfd8 18. Qe2 e5 19. Rd2 Re8 20. Rfd1 Bf8 21. h3 Bc6 22. f5 a5 23. Bf2 Qb7 24. g4 b4 25. axb4 axb4 26. Nd5 Bxd5 27. exd5 Be7 28. Ra1 Ra8 29. Rdd1 Rxa1 30. Rxa1 e4 31. Bg2 Qxd5 32. Ra4 Qb7 33. Ra7 Qb8 34. Qa6 d5 35. Bf1 Qe5 36. Qe2 Bd6 37. Bg2 Qxb2 38. Qd2 Rc8 39. Bd4 Qb1+ 40. Bf1 Rxc2 0-1

[Event "UKR-ch sf"]
[Site "Alushta"]
[Date "2011.05.05"]
[Round "3"]
[White "Tkachova, Anastasia"]
[Black "Berezka, Alexandr"]
[Result "0-1"]
[WhiteElo "1969"]
[BlackElo "2142"]
[PlyCount "54"]
[EventDate "2011.05.03"]
[EventType "swiss"]
[EventRounds "9"]
[EventCountry "UKR"]
[SourceTitle "CBM 142 Extra"]
[Source "ChessBase"]
[SourceDate "2011.06.27"]
[SourceVersion "1"]
[SourceVersionDate "2011.06.27"]
[SourceQuality "1"]

1. e4 c5 2. Nf3 d6 3. d4 cxd4 4. Nxd4 Nf6 5. Nc3 a6 6. Bg5 e6 7. f4 Be7 8. Qf3 Nc6 9. Nb3 Qc7 10. 0-0-0 b5 11. a3 Bb7 12. Bd3 b4 13. axb4 Nxb4 14. Rhe1 0-0 15. Qg3 Rfc8 16. Rd2 a5 17. Bb5 a4 18. Bxa4 Rxa4 19. Nxa4 Nxc2 20. Nc3 Nxe1 21. Qxe1 Nxe4 22. Rc2 Nxg5 23. fxg5 Bxg5+ 24. Kb1 Bf6 25. Qe2 Qb6 26. Nb5 Rxc2 27. Kxc2 Ba6 0-1

[Event "UKR-ch sf"]
[Site "Alushta"]
[Date "2011.05.04"]
[Round "2"]
[White "Mischuk, Dmitry"]
[Black "Tkachova, Anastasia"]
[Result "1-0"]
[WhiteElo "2317"]
[BlackElo "1969"]
[PlyCount "61"]
[EventDate "2011.05.03"]
[EventType "swiss"]
[EventRounds "9"]
[EventCountry "UKR"]
[SourceTitle "CBM 142 Extra"]
[Source "ChessBase"]
[SourceDate "2011.06.27"]
[SourceVersion "1"]
[SourceVersionDate "2011.06.27"]
[SourceQuality "1"]

1. d4 Nf6 2. c4 e6 3. Nf3 b6 4. a3 Bb7 5. Nc3 Be7 6. d5 d6 7. e4 0-0 8. Bd3 c6 9. 0-0 Nbd7 10. b4 exd5 11. cxd5 cxd5 12. exd5 Ne5 13. Bb2 Nfd7 14. Nxe5 Nxe5 15. Be2 Rc8 16. Qb3 Qd7 17. h3 f5 18. f4 Ng6 19. Bb5 Qd8 20. Bc6 Ba8 21. Nb5 Bf6 22. Nxa7 Rc7 23. Nb5 Re7 24. Bxf6 Rxf6 25. Nd4 Re4 26. Ne6 Qb8 27. b5 Nf8 28. Ng5 Re7 29. Rae1 Rc7 30. Re8 Rc8 31. Rfe1 1-0

[Event "UKR-ch U16 Girls"]
[Site "Lugansk"]
[Date "2010.03.29"]
[Round "8"]
[White "Bezkorovaina, Marija"]
[Black "Tkachova, Anastasia"]
[Result "1-0"]
[WhiteElo "1871"]
[BlackElo "1855"]
[PlyCount "67"]
[EventDate "2010.03.23"]
[EventType "tourn"]
[EventRounds "11"]
[EventCountry "UKR"]
[SourceTitle "CBM 135 Extra"]
[Source "ChessBase"]
[SourceDate "2010.05.04"]
[SourceVersion "1"]
[SourceVersionDate "2010.05.04"]
[SourceQuality "1"]

1. e4 c5 2. c3 Nf6 3. e5 Nd5 4. d4 cxd4 5. Nf3 e6 6. cxd4 b6 7. Bd3 d6 8. a3 Nd7 9. 0-0 Qc7 10. Re1 dxe5 11. dxe5 Be7 12. Qe2 Nc5 13. Bc2 a5 14. Qc4 h5 15. Nc3 Bb7 16. Bg5 Nxc3 17. Qxc3 Qc6 18. Rad1 Nd7 19. Qxc6 Bxc6 20. Nd4 Bd5 21. Bxe7 Kxe7 22. Nf5+ Kf8 23. Nd6 f6 24. f4 h4 25. Rxd5 exd5 26. e6 Ne5 27. fxe5 Ke7 28. Nb5 Rac8 29. exf6+ gxf6 30. Nd4 Rc7 31. Nf5+ Ke8 32. Ba4+ Kd8 33. e7+ Rxe7 34. Rxe7 1-0

[Event "UKR-ch U16 Girls"]
[Site "Lugansk"]
[Date "2010.03.28"]
[Round "7"]
[White "Tkachova, Anastasia"]
[Black "Rakhmangulova, Anastasiya"]
[Result "0-1"]
[WhiteElo "1855"]
[BlackElo "2089"]
[PlyCount "108"]
[EventDate "2010.03.23"]
[EventType "tourn"]
[EventRounds "11"]
[EventCountry "UKR"]
[SourceTitle "CBM 135 Extra"]
[Source "ChessBase"]
[SourceDate "2010.05.04"]
[SourceVersion "1"]
[SourceVersionDate "2010.05.04"]
[SourceQuality "1"]

1. e4 d6 2. d4 Nf6 3. Nc3 c6 4. f4 Qa5 5. Bd3 e5 6. Nf3 Bg4 7. Be3 Nbd7 8. 0-0 Be7 9. h3 Bh5 10. Qd2 Bxf3 11. Rxf3 Bd8 12. Qf2 exd4 13. Bxd4 Bb6 14. Re1 0-0 15. Bxb6 Qxb6 16. Qxb6 axb6 17. g4 h6 18. Bc4 b5 19. Bb3 b4 20. Nb1 Rfe8 21. Nd2 Nc5 22. Rfe3 Nxb3 23. Rxb3 b5 24. Kf2 d5 25. e5 Nd7 26. Ra1 Ra4 27. a3 bxa3 28. Rbxa3 Rxf4+ 29. Kg3 g5 30. Ra8 Rxa8 31. Rxa8+ Kg7 32. Nf3 Re4 33. Rc8 Nc5 34. Rxc6 Rc4 35. Rb6 Ne4+ 36. Kg2 Rxc2+ 37. Kg1 Rxb2 38. Nd4 Ng3 39. Nf5+ Nxf5 40. gxf5 Re2 41. e6 fxe6 42. fxe6 Kf6 43. Rxb5 Kxe6 44. Rb6+ Ke5 45. Rxh6 d4 46. h4 d3 47. Kf1 Rh2 48. hxg5 d2 49. Rxh2 d1Q+ 50. Kg2 Qg4+ 51. Kf1 Ke4 52. g6 Kf3 53. Rf2+ Ke3 54. Rg2 Qd1# 0-1

[Event "UKR-ch U16 Girls"]
[Site "Lugansk"]
[Date "2010.03.26"]
[Round "3"]
[White "Tkachova, Anastasia"]
[Black "Usoltseva, Polina"]
[Result "1/2-1/2"]
[WhiteElo "1855"]
[BlackElo "1813"]
[PlyCount "76"]
[EventDate "2010.03.23"]
[EventType "tourn"]
[EventRounds "11"]
[EventCountry "UKR"]
[SourceTitle "CBM 135 Extra"]
[Source "ChessBase"]
[SourceDate "2010.05.04"]
[SourceVersion "1"]
[SourceVersionDate "2010.05.04"]
[SourceQuality "1"]

1. e4 d5 2. exd5 Nf6 3. d4 Nxd5 4. h3 g6 5. Nf3 Bg7 6. c4 Nb6 7. Nc3 0-0 8. Be3 Nc6 9. Qd2 e5 10. d5 Na5 11. b3 e4 12. Nd4 f5 13. g3 c5 14. Nde2 Nd7 15. 0-0-0 Ne5 16. h4 Nd3+ 17. Kc2 Qb6 18. Rb1 Nb4+ 19. Kd1 Nd3 20. Rh2 Bd7 21. Qc2 Qf6 22. Bd2 b6 23. Nc1 Nxc1 24. Rxc1 h6 25. Ne2 Nb7 26. Nf4 Nd6 27. Be2 Kh7 28. Ke1 Qb2 29. Qxb2 Bxb2 30. Rc2 Bd4 31. Be3 Rac8 32. Kd2 Bxe3+ 33. fxe3 Kg7 34. Rc1 h5 35. a3 a5 36. Rhh1 Rb8 37. Rc2 Rb7 38. Rb1 Rfb8 1/2-1/2

[Event "UKR-ch U18 Girls"]
[Site "Kiev"]
[Date "2010.01.28"]
[Round "4"]
[White "Tkachova, Anastasia"]
[Black "Bulakh, Oleksandra"]
[Result "1/2-1/2"]
[WhiteElo "1855"]
[BlackElo "2029"]
[PlyCount "68"]
[EventDate "2010.01.26"]
[EventType "swiss"]
[EventRounds "11"]
[EventCountry "UKR"]
[SourceTitle "CBM 134 Extra"]
[Source "ChessBase"]
[SourceDate "2010.03.03"]
[SourceVersion "1"]
[SourceVersionDate "2010.03.03"]
[SourceQuality "1"]

1. e4 e6 2. d4 d5 3. Nd2 Nf6 4. e5 Nfd7 5. f4 c5 6. c3 Nc6 7. Ndf3 cxd4 8. cxd4 Bb4+ 9. Bd2 Qb6 10. a3 Bxd2+ 11. Qxd2 Na5 12. Rd1 Nb3 13. Qc3 0-0 14. Bd3 Qa5 15. Ne2 Nb6 16. Bc2 Qxc3+ 17. Nxc3 Na5 18. b3 Bd7 19. Kd2 Rac8 20. Rb1 Rc7 21. Rhc1 Rfc8 22. Bd1 a6 23. Na2 Bb5 24. Rxc7 Rxc7 25. Rc1 Rxc1 26. Nxc1 Kf8 27. Ke3 Nd7 28. Nd2 Bc6 29. Nd3 b6 30. Nb4 Bb7 31. a4 Ke7 32. Be2 Nb8 33. Nf3 h6 34. g4 Nac6 1/2-1/2

[Event "UKR-ch U20 Girls"]
[Site "Ukraine"]
[Date "2010.??.??"]
[Round "2"]
[White "Mamedova, Leila"]
[Black "Tkachova, Anastasia"]
[Result "1/2-1/2"]
[WhiteElo "2045"]
[BlackElo "1905"]
[PlyCount "82"]
[EventDate "2010.??.??"]
[EventType "swiss"]
[EventRounds "11"]
[EventCountry "UKR"]
[SourceTitle "EXT 2012"]
[Source "ChessBase"]
[SourceDate "2011.11.24"]
[SourceVersion "1"]
[SourceVersionDate "2011.11.24"]
[SourceQuality "1"]

1. e4 c5 2. c3 Nf6 3. e5 Nd5 4. d4 cxd4 5. cxd4 e6 6. Nf3 b6 7. Nc3 Nxc3 8. bxc3 Qc7 9. Bb2 d6 10. exd6 Bxd6 11. Bd3 Nd7 12. Qe2 Bb7 13. 0-0 0-0 14. h3 Nf6 15. c4 Rac8 16. d5 Qe7 17. Rfe1 Bb4 18. Nd2 Rfe8 19. a3 Bd6 20. Ne4 Nxe4 21. Qxe4 g6 22. Qg4 f5 23. Bxf5 exf5 24. Rxe7 fxg4 25. Rg7+ Kf8 26. Rxb7 Rxc4 27. Rxa7 Re2 28. Bg7+ Kg8 29. hxg4 Rxg4 30. Bh6 Bc5 31. Rf1 Rc4 32. Ra8+ Kf7 33. Ra7+ Ke8 34. a4 Rcc2 35. d6 Bxd6 36. Be3 h5 37. Bxb6 g5 38. Rd1 Rcd2 39. Rc1 Rc2 40. Rd1 Rcd2 41. Rc1 Rc2 1/2-1/2